Normal view
MARC view
Entry Personal Name
001 - CONTROL NUMBER
- control field: 33112
003 - CONTROL NUMBER IDENTIFIER
- control field: ARRUPE
005 - DATE AND TIME OF LATEST TRANSACTION
- control field: 20170718091959.0
008 - FIXED-LENGTH DATA ELEMENTS
- fixed length control field: 170718|| aca||aabn | a|a d
040 ## - CATALOGING SOURCE
- Original cataloging agency: ARRUPE
- Transcribing agency: ARRUPE
100 ## - HEADING--PERSONAL NAME
- Personal name: Sciacca, Michele Federico,
- Dates associated with a name: 1908-1975.
670 ## - SOURCE DATA FOUND
- Source citation: Work cat.: (ARRUPE)49250: Sciacca, Michele Federico, 1908-1975., Philosophical trends in the contemporary world., [1964]